[Event "VIII Iberoamericano Mexico 2022"]
[Site "Mexico City"]
[Date "2022.02.14"]
[Round "3.49"]
[White "Diaz Osorio, Ana Carolina"]
[Black "Zarate Manjarrez, Alfredo"]
[Result "0-1"]
[WhiteElo "1627"]
[BlackElo "2026"]
[Annotator "NA"]
[PlyCount "70"]
[EventDate "2022.02.12"]
[EventType "swiss"]
[EventCountry "MEX"]
[SourceTitle "playchess.com"]
[Source "ChessBase"]
[SourceQuality "1"]
[TimeControl "5400+30"]

1. d4 {[%emt 0:04:04]} c5 {[%emt 0:02:11]} 2. d5 {[%emt 0:00:12]} d6 {[%emt 0:00:36]} 3. e4 {[%emt 0:01:47]} g6 {[%emt 0:00:38]} 4. Bb5+ {[%emt 0:01:16]} Nd7 {[%emt 0:01:17]} 5. Nc3 {[%emt 0:01:36]} Bg7 {[%emt 0:00:17]} 6. Bd2 {[%emt 0:00:10]} a6 {[%emt 0:00:48]} 7. Be2 {[%emt 0:02:12]} b5 {[%emt 0:01:50]} 8. f4 {[%emt 0:07:52]} Nb6 {[%emt 0:02:32]} 9. a3 {[%emt 0:03:42]} e6 {[%emt 0:04:32]} 10. Nf3 {[%emt 0:06:34]} exd5 {[%emt 0:02:06]} 11. exd5 {[%emt 0:02:17]} Nf6 {[%emt 0:01:08]} 12. O-O {[%emt 0:00:57]} O-O {[%emt 0:00:06]} 13. Rb1 {[%emt 0:07:22]} Re8 {[%emt 0:02:58]} 14. Ng5 {[%emt 0:24:25]} b4 {[%emt 0:18:40]} 15. axb4 {[%emt 0:00:57]} cxb4 {[%emt 0:00:01]} 16. Na2 {[%emt 0:02:47]} a5 {[%emt 0:00:12]} 17. c3 {[%emt 0:03:27]} Bf5 {[%emt 0:00:35]} 18. Rc1 {[%emt 0:00:50]} Nbxd5 {[%emt 0:03:51]} 19. cxb4 {[%emt 0:00:21]} Qb6+ {[%emt 0:00:17]} 20. Kh1 {[%emt 0:00:22]} axb4 {[%emt 0:00:07]} 21. Bc4 {[%emt 0:01:17]} h6 {[%emt 0:02:24]} 22. Qb3 {[%emt 0:07:37]} hxg5 {[%emt 0:10:59]} 23. fxg5 {[%emt 0:12:49]} Ne4 {[%emt 0:00:05]} 24. Bxd5 {[%emt 0:00:12]} Nxd2 {[%emt 0:04:44]} 25. Bxf7+ {[%emt 0:00:08]} Kf8 {[%emt 0:00:37]} 26. Qd5 {[%emt 0:02:49]} Nxf1 {[%emt 0:04:18]} 27. Rxf1 {[%emt 0:00:25]} Ra5 {[%emt 0:01:57]} 28. Qb3 {[%emt 0:01:35]} Re3 {[%emt 0:02:12]} 29. Qc4 {[%emt 0:00:27]} Rc5 {[%emt 0:01:25]} 30. Qf4 {[%emt 0:02:41]} Re4 {[%emt 0:00:22]} 31. Qf3 {[%emt 0:00:05]} Ke7 {[%emt 0:01:44]} 32. Qb3 {[%emt 0:01:21]} Qb5 {[%emt 0:03:48]} 33. Rd1 {[%emt 0:01:27]} Qe2 {[%emt 0:01:14]} 34. Rg1 {[%emt 0:00:10]} Qxb2 {[%emt 0:00:44]} 35. Qa4 {[%emt 0:00:33]} Kxf7 {[%emt 0:00:18]} 0-1

[Event "VIII Iberoamericano Mexico 2022"]
[Site "Mexico City"]
[Date "2022.02.14"]
[Round "3.50"]
[White "Fernandez Rivero, Karla July"]
[Black "Zacarias Martinez, Daniel"]
[Result "1-0"]
[WhiteElo "2025"]
[BlackElo "1673"]
[Annotator "ChessBase"]
[PlyCount "131"]
[EventDate "2022.02.12"]
[EventType "swiss"]
[EventCountry "MEX"]
[SourceTitle "playchess.com"]
[Source "ChessBase"]
[SourceQuality "1"]
[TimeControl "5400+30"]

1. d4 {[%emt 0:00:02]} d5 {[%emt 0:07:23]} 2. Nf3 {[%emt 0:00:13]} Nf6 {[%emt 0:00:08]} 3. c4 {[%emt 0:00:17]} e6 {[%emt 0:00:09]} 4. g3 {[%emt 0:00:18]} Be7 {[%emt 0:00:09]} 5. Bg2 {[%emt 0:00:17]} O-O {[%emt 0:00:10]} 6. O-O {[%emt 0:00:23]} dxc4 {[%emt 0:00:26]} 7. Qc2 {[%emt 0:00:33]} a6 {[%emt 0:00:16]} 8. Qxc4 {[%emt 0:00:30]} b5 {[%emt 0:00:23]} 9. Qc2 {[%emt 0:00:25]} Bb7 {[%emt 0:00:18]} 10. Bd2 {[%emt 0:00:44]} Be4 {[%emt 0:02:11]} 11. Qc1 {[%emt 0:01:03]} Nd5 {[%emt 0:01:45]} 12. Rd1 {[%emt 0:06:26]} Nd7 {[%emt 0:01:20]} 13. Ba5 {[%emt 0:01:53]} Qc8 {[%emt 0:11:53]} 14. Nbd2 {[%emt 0:06:24]} Bg6 {[%emt 0:02:17]} 15. e4 {[%emt 0:06:36]} N5b6 {[%emt 0:01:59]} 16. Qc6 {[%emt 0:01:44]} Nb8 {[%emt 0:09:45]} 17. Qc2 {[%emt 0:01:12]} N8d7 {[%emt 0:08:26]} 18. Rac1 {[%emt 0:02:39]} Bd8 {[%emt 0:32:21]} 19. Qd3 {[%emt 0:25:18]} Qb7 {[%emt 0:05:01]} 20. b4 {[%emt 0:05:22]} Rc8 {[%emt 0:01:11]} 21. Qe3 {[%emt 0:01:42]} Be7 {[%emt 0:03:33]} 22. Ne1 {[%emt 0:01:21]} Bh5 {[%emt 0:00:51]} 23. f3 {[%emt 0:00:42]} h6 {[%emt 0:00:23]} 24. Nd3 {[%emt 0:07:28]} Bg5 {[%emt 0:04:52]} 25. f4 {[%emt 0:01:02]} Be7 {[%emt 0:01:10]} 26. Rf1 {[%emt 0:01:02]} c6 {[%emt 0:02:08]} 27. h4 {[%emt 0:02:54]} Nf6 {[%emt 0:01:28]} 28. Nc5 {[%emt 0:06:23]} Bxc5 {[%emt 0:01:01]} 29. dxc5 {[%emt 0:00:08]} Ng4 {[%emt 0:00:57]} 30. Qe2 {[%emt 0:01:36]} Nf6 {[%emt 0:00:20]} 31. Qd3 {[%emt 0:02:53]} Nbd7 {[%emt 0:00:28]} 32. Nf3 {[%emt 0:00:48]} Rfe8 {[%emt 0:00:54]} 33. Rcd1 {[%emt 0:01:03]} Qb8 {[%emt 0:00:21]} 34. Rd2 {[%emt 0:01:48]} Bg6 {[%emt 0:00:28]} 35. Nh2 {[%emt 0:04:41]} Nf8 {[%emt 0:00:26]} 36. Qe3 {[%emt 0:03:34]} Bh5 {[%emt 0:00:22]} 37. Re1 {[%emt 0:01:08]} Re7 {[%emt 0:00:36]} 38. Bf3 {[%emt 0:00:51]} Bxf3 {[%emt 0:00:24]} 39. Qxf3 {[%emt 0:00:22]} Rd7 {[%emt 0:00:11]} 40. Red1 {[%emt 0:00:24]} Rxd2 {[%emt 0:00:05]} 41. Rxd2 {[%emt 0:00:04]} Re8 {[%emt 0:01:05]} 42. Rd6 {[%emt 0:00:48]} Qb7 {[%emt 0:00:32]} 43. Ng4 {[%emt 0:00:37]} Nxg4 {[%emt 0:00:29]} 44. Qxg4 {[%emt 0:00:05]} Re7 {[%emt 0:00:08]} 45. e5 {[%emt 0:02:24]} Rd7 {[%emt 0:00:25]} 46. Qf3 {[%emt 0:00:46]} Rxd6 {[%emt 0:00:24]} 47. cxd6 {[%emt 0:00:12]} Nd7 {[%emt 0:00:40]} 48. Kg2 {[%emt 0:01:52]} Qc8 {[%emt 0:00:16]} 49. Qe3 {[%emt 0:00:53]} c5 {[%emt 0:00:30]} 50. bxc5 {[%emt 0:00:35]} Qxc5 {[%emt 0:00:26]} 51. Qxc5 {[%emt 0:00:14]} Nxc5 {[%emt 0:00:23]} 52. Bb6 {[%emt 0:01:19]} Nd7 {[%emt 0:00:17]} 53. Ba7 {[%emt 0:00:26]} Kf8 {[%emt 0:00:17]} 54. Kf3 {[%emt 0:00:11]} Ke8 {[%emt 0:00:08]} 55. Ke4 {[%emt 0:00:30]} Kd8 {[%emt 0:01:16]} 56. g4 {[%emt 0:00:26]} g6 {[%emt 0:00:28]} 57. h5 {[%emt 0:00:36]} Kc8 {[%emt 0:01:08]} 58. hxg6 {[%emt 0:00:33]} fxg6 {[%emt 0:00:08]} 59. f5 {[%emt 0:00:11]} gxf5+ {[%emt 0:00:53]} 60. gxf5 {[%emt 0:00:06]} exf5+ {[%emt 0:00:38]} 61. Kxf5 {[%emt 0:00:07]} Nxe5 {[%emt 0:01:27]} 62. Kxe5 {[%emt 0:00:06]} Kd7 {[%emt 0:00:05]} 63. Be3 {[%emt 0:00:20]} h5 {[%emt 0:00:25]} 64. Kd5 {[%emt 0:00:12]} a5 {[%emt 0:00:42]} 65. Bf4 {[%emt 0:00:17]} b4 {[%emt 0:00:49]} 66. Kc5 {[%emt 0:00:20]} 1-0

[Event "VIII Iberoamericano Mexico 2022"]
[Site "Mexico City"]
[Date "2022.02.15"]
[Round "4.1"]
[White "Santos Latasa, Jaime"]
[Black "Sanchez Alvarez, Roberto Carlos"]
[Result "1-0"]
[WhiteElo "2640"]
[BlackElo "2407"]
[Annotator "TA"]
[PlyCount "67"]
[EventDate "2022.02.12"]
[EventType "swiss"]
[EventCountry "MEX"]
[SourceTitle "playchess.com"]
[Source "ChessBase"]
[SourceQuality "1"]

{[%evp 13,67,13,29,0,39,14,29,28,147,138,142,139,127,141,137,135,138,156,150,150,145,129,138,138,162,168,155,145,217,205,227,218,255,270,268,251,266,255,302,245,359,245,333,319,482,477,464,459,485,486,502,488,501,508,467,460]} 1. e4 c5 2. Nc3 d6 3. Nge2 Nf6 4. d4 cxd4 5. Nxd4 a6 6. Be3 e5 7. Nb3 Be7 8. Rg1 {B90: Sicilian Najdorf: Unusual White 6th moves, 6 Be3 Ng4 and 6 Be3 e5.} h5 {To avoid g4} 9. h3 Be6 10. Qf3 {[#] White has an edge.} d5 $146 {[#]} (10... Nbd7 $11 {remains equal.}) ({Predecessor:} 10... Nbd7 11. O-O-O Rc8 12. Kb1 g6 13. Nd5 Nxd5 14. exd5 Bf5 15. Bd3 Bxd3 16. Rxd3 h4 {½-½ (30) Bacrot,E (2658)-Palac,M (2517) Zagreb 2021}) 11. Nxd5 $1 $16 Bxd5 {[#]} 12. O-O-O $1 ({Don't do} 12. exd5 $6 Qxd5 13. Rd1 Qxf3 14. gxf3 g6 $14) 12... Nxe4 {[#] And now ...Nf6 would win.} 13. Bc4 $1 {[%mdl 576] Pin} Nd2 14. Qxd5 Qxd5 15. Bxd5 Nxb3+ 16. axb3 Nc6 17. c3 Rc8 18. Kb1 {White is more active.} h4 19. Rd2 O-O 20. Rgd1 Rfd8 (20... g6 $16 21. Bf3 Rb8) 21. Bb6 $18 Re8 22. Be4 g6 23. Rd7 Rb8 24. b4 {Inhibits a5.} Kg7 25. Bd5 f5 26. f3 Kf6 (26... Kh6 $142 27. Bc7 Ra8 28. Bxc6 bxc6 29. Bxe5 Bf8) 27. Kc2 Kg5 28. Be3+ Kf6 {[#]} (28... f4 {was worth a try.}) 29. Rxb7 $3 {[%mdl 512] White is clearly winning.} Rxb7 30. Bxc6 {A strong pair of Bishops.} Rbb8 31. Bxe8 Rxe8 32. Ra1 Ra8 33. b5 a5 34. Ra4 {White took control after the opening.  Weighted Error Value: White=0.08 (flawless) /Black=0.38} 1-0

[Event "VIII Iberoamericano Mexico 2022"]
[Site "Mexico City"]
[Date "2022.02.15"]
[Round "4.2"]
[White "Quesada Perez, Luis Ernesto"]
[Black "Meier, Georg"]
[Result "1/2-1/2"]
[WhiteElo "2517"]
[BlackElo "2631"]
[Annotator "TA"]
[PlyCount "105"]
[EventDate "2022.02.12"]
[EventType "swiss"]
[EventCountry "MEX"]
[SourceTitle "playchess.com"]
[Source "ChessBase"]
[SourceQuality "1"]

{[%evp 31,105,14,12,6,0,5,12,0,4,15,16,-5,43,44,90,54,116,106,159,74,120,79,94,87,112,107,121,86,129,124,127,115,116,97,156,174,165,169,176,170,171,151,165,151,154,151,151,151,151,151,160,161,161,161,225,211,276,108,322,161,210,169,174,0,160,155,329,322,275,151,151,152,152,152,152,152]} 1. d4 Nf6 2. c4 e6 3. Nf3 d5 4. Nc3 Be7 5. Bg5 h6 6. Bh4 O-O 7. e3 b6 8. Qb3 Bb7 9. Bxf6 Bxf6 10. cxd5 exd5 11. Rd1 c6 12. Bd3 Nd7 13. O-O Re8 14. Rfe1 Nf8 15. e4 Ne6 16. e5 Be7 17. Bb1 {D58: Queen's Gambit Declined: Tartakower Defence.} g6 18. Ne2 {[#]} Kg7 $146 ({Predecessor:} 18... Bf8 19. g3 Qd7 20. Kh1 c5 21. Nf4 Rac8 22. Nxe6 Rxe6 23. Nh4 cxd4 24. f4 d3 25. Bxd3 {0-1 (34) Sutkus,R-Brglez,F ICCF corr 1992}) 19. Nd2 {The position is equal.} Ba6 20. Bd3 b5 21. Bb1 c5 (21... b4 $11 22. Nf3 c5) 22. dxc5 $14 {[%cal Od2e4]} Bxc5 {[#]} (22... b4 $14 {might be stronger.}) 23. Ne4 $1 $16 Qb6 (23... dxe4 $14 24. Rxd8 Raxd8) (23... Qc7 24. Nf6) 24. Nxc5 ({Don't blunder} 24. Qxd5 $2 Bb7 25. Qb3 Bxe4 26. Bxe4 Bxf2+ 27. Kh1 Nc5 $19) 24... Nxc5 ({Black should play} 24... Qxc5 25. Rxd5 Qe7) 25. Qe3 ({Not} 25. Qxd5 Rad8 26. Qf3 Rxe5 $11) (25. Qg3 $142 $1) 25... Na4 (25... Nd7 $142) 26. Qxb6 ({Don't play} 26. Rxd5 $6 Qxe3 27. fxe3 Nb6 $11) (26. Qd2 $142 $1 {Threatens to win with Nf4.} Bb7 27. Nd4) 26... Nxb6 27. f4 Bc8 28. Nd4 Bd7 29. Rc1 {White is much more active.} Rac8 (29... Rec8 $142) 30. b3 b4 31. Kf2 a5 32. Bd3 Rxc1 (32... a4 $142) 33. Rxc1 Rc8 34. Rxc8 Nxc8 $18 {[%mdl 4096] Endgame KBN-KBN} 35. Kf3 Na7 36. g4 f6 37. e6 Be8 38. f5 {Hoping for fxg6.} g5 39. Ba6 $1 Kf8 40. Bb7 Ke7 41. Bxd5 Kd6 42. Be4 h5 {[#]} (42... Nb5 $142 43. Ne2 h5) 43. h3 $1 h4 44. Ke3 $2 (44. Nc2 $18 {is the precise move to win.}) 44... Kc5 $2 (44... Nb5 $16) 45. Ne2 (45. Bd3 $142) 45... Nb5 (45... Kd6 {was called for.} 46. Bg2 Nc6) 46. Bd3 {Strongly threatening Bxb5.} Nc7 47. Be4 {And now Nc1 would win.} Nb5 $1 48. Bg2 Na7 $2 {[#]} (48... Kd6 $16 49. Kd3 Kc5) 49. Nc1 $1 Bb5 50. Nd3+ ({White should try} 50. Bf3 $18) 50... Bxd3 $16 {White is clearly better.} 51. Kxd3 {Intending e7 and mate.} Nc8 52. Bb7 Ne7 53. Ke4 {Weighted Error Value: White=0.26 (precise) /Black=0.22 (precise)} 1/2-1/2

[Event "VIII Iberoamericano Mexico 2022"]
[Site "Mexico City"]
[Date "2022.02.15"]
[Round "4.3"]
[White "Jimenez Garcia, Emmanuel"]
[Black "Vazquez, Guillermo"]
[Result "0-1"]
[WhiteElo "2403"]
[BlackElo "2545"]
[Annotator "TA"]
[PlyCount "78"]
[EventDate "2022.02.12"]
[EventType "swiss"]
[EventCountry "MEX"]
[SourceTitle "playchess.com"]
[Source "ChessBase"]
[SourceQuality "1"]

{[%evp 10,78,-16,-21,0,-10,0,-17,-20,-25,-22,-20,-11,-17,-10,-35,-31,-35,-22,-49,-25,-33,-20,-60,0,0,0,-14,-25,-25,-18,-39,-30,-37,-20,-70,0,0,0,-85,-80,-98,-73,-65,-68,-46,0,-45,-24,-46,0,0,0,0,105,122,163,39,16,-41,-47,-37,-40,-595,-556,-29984,-29985,-29985,-29986,-29984,-29985]} 1. Nf3 d5 2. d3 Nf6 3. g3 Nc6 4. Bg2 e5 5. Nc3 Be7 6. O-O O-O {A07: Réti Opening: New York and Capablanca Systems.} (6... d4 $5 {[%cal Rd4c3]} 7. Ne4 Nxe4 8. dxe4 Bg4 $11) 7. e4 dxe4 8. Nxe4 Nxe4 {The position is equal.} 9. dxe4 Bc5 10. c3 $1 a5 {Prevents b4.} 11. Qe2 Qe7 {[#]} 12. Bg5 $146 ({Predecessor:} 12. Be3 Be6 13. Rfd1 f6 14. Nd2 Rfd8 15. Bf1 a4 16. a3 Na5 17. Bxc5 Qxc5 18. Qb5 Qxb5 19. Bxb5 {0-1 (26) Juhasz,A (2380)-Kislov,O (2249) Chess.com INT 2021}) 12... f6 13. Be3 Be6 {Inhibits Qc4.} 14. Nh4 g6 {To avoid Nf5} 15. f4 Bf7 16. f5 a4 (16... g5 $15 17. Nf3 Rfd8) 17. fxg6 $1 $11 hxg6 18. Rf2 {[%cal Oh4g6] Black must now prevent Nxg6!} Bxe3 19. Qxe3 {Hoping for Qh6.} Kg7 {Prevents Qh6+.} 20. Bf1 Nb8 21. Bh3 Nd7 22. Bf5 Rh8 ({Much worse is} 22... Qc5 23. Qf3 gxf5 24. Nxf5+ Kh7 25. Rd1 $11 (25. Qg4 Bg6 $11)) (22... Nc5 $15) 23. Bxd7 Qxd7 24. a3 (24. Qf3 $11 {remains equal.} Ra6 25. Rd1) 24... Qg4 $17 {aiming for ...Rxh4.} 25. Nf3 Rad8 26. Qc5 Rd7 {Black is more active.} 27. Qb5 c5 (27... b6 $15 {might be stronger.}) 28. Qxa4 (28. Re1 $11) 28... Rd3 29. Raf1 {[#]} Be6 (29... Bd5 $1 $15 30. Nd2 Rd8) 30. Qb5 Qxe4 31. Qxc5 {Strongly threatening Qe7+.} Bf7 (31... Re8 $11) 32. Qe7 $16 Qd5 {[#]} (32... Rh5 $16 {was necessary.}) 33. Nh4 ({White must play} 33. Ne1 $1 $18 Qd6 34. Qxf6+ Qxf6 35. Rxf6) 33... f5 $14 34. Rxf5 gxf5 $15 {Dancing on a razor blade.} 35. Nxf5+ Kg6 {...Rd1 is the strong threat.} (35... Kh7 {gets mated.} 36. Qh4+ Kg8 37. Ne7+ Kg7 38. Qf6+ Kh7 39. Nxd5 Bg6 40. Ne7) 36. h4 $2 {[%mdl 8192] This move loses the game for White.} ({White should try} 36. Qb4 $15 Qc4 37. Qxb7 (37. Qe7 b6 $17)) 36... Rh5 $19 37. g4 {[#]} Rxf5 {Black mates.} 38. gxf5+ Kh7 39. Qg5 Rh3 {Weighted Error Value: White=0.60/Black=0.20 (precise)} 0-1

[Event "VIII Iberoamericano Mexico 2022"]
[Site "Mexico City"]
[Date "2022.02.15"]
[Round "4.4"]
[White "Veiga, Jose Francisco R P N"]
[Black "Obregon Rivero, Juan Carlos"]
[Result "1/2-1/2"]
[WhiteElo "2366"]
[BlackElo "2536"]
[Annotator "TA"]
[PlyCount "49"]
[EventDate "2022.02.12"]
[EventType "swiss"]
[EventCountry "MEX"]
[SourceTitle "playchess.com"]
[Source "ChessBase"]
[SourceQuality "1"]

{[%evp 21,49,0,0,-20,-14,-17,-15,-9,-11,-8,0,-25,-31,-30,-28,-30,-34,-22,-24,-16,-10,-15,0,0,0,0,0,0,0,-125]} 1. e4 c5 2. Nf3 Nc6 3. c3 d5 4. exd5 Qxd5 5. d4 Nf6 6. Be2 cxd4 7. cxd4 e6 8. Nc3 Qd6 9. O-O Be7 10. Bg5 O-O 11. Qd2 b6 12. Bf4 {B22: Sicilian: 2 c3.} Qd8 13. Rac1 Bb7 14. Rfd1 Nb4 15. Ne5 Nbd5 16. Nxd5 Nxd5 {[#]} 17. Nc6 $146 ({Predecessor:} 17. Bg3 Bb4 18. Qd3 Qe7 19. Bf3 Rac8 20. h4 Rc7 21. Rxc7 Qxc7 22. Ng6 Bd6 23. Bxd6 Qxd6 24. Nxf8 Qxf8 {1-0 (63) Saint Denis,P (1830)-Bounzou,N (1730) Le Perreux 1994}) 17... Bxc6 18. Rxc6 Qd7 19. Rc2 Rac8 20. Be5 Bd6 {The position is equal.} 21. Bc4 Nb4 22. Bxg7 Kxg7 (22... Nxc2 {leads to mate.} 23. Bf6) 23. Qg5+ Kh8 24. Qf6+ Kg8 {[#] Threatens to win with ...Be7.} 25. Rc3 {Weighted Error Value: White=0.04 (flawless) /Black=0.02 (flawless)} (25. Qg5+ $11 {was the only way to keep the balance.} Kh8 26. Qf6+ Kg8 27. Qg5+ Kh8) 1/2-1/2

[Event "VIII Iberoamericano Mexico 2022"]
[Site "Mexico City"]
[Date "2022.02.15"]
[Round "4.5"]
[White "Mareco, Sandro"]
[Black "Santos, Jose Guilherme B Lim"]
[Result "1-0"]
[WhiteElo "2643"]
[BlackElo "2363"]
[Annotator "TA"]
[PlyCount "59"]
[EventDate "2022.02.12"]
[EventType "swiss"]
[EventCountry "MEX"]
[SourceTitle "playchess.com"]
[Source "ChessBase"]
[SourceQuality "1"]

{[%evp 20,59,0,0,0,0,1,18,11,0,0,0,1,0,59,61,56,58,61,78,61,61,63,63,161,147,150,156,159,157,191,89,167,163,173,156,269,264,455,447,539,539]} 1. d4 Nf6 2. c4 e6 3. Nf3 d5 4. g3 Be7 5. Bg2 O-O 6. O-O dxc4 7. Qa4 a6 8. Qxc4 b5 9. Qc2 Bb7 10. Bd2 Be4 11. Qc1 c6 {E05: Open Catalan: 5 Nf3 Be7.} 12. a4 Nbd7 13. Nc3 Bg6 {The position is equal.} 14. Nh4 Bh5 15. h3 Nd5 16. Nf3 Bg6 ({Black should try} 16... Rc8 $11) 17. axb5 $14 axb5 18. Nxd5 cxd5 19. Rxa8 Qxa8 20. Qc7 Rd8 21. Rc1 {[#]} b4 $146 (21... Kf8 $14) ({Predecessor:} 21... h6 22. Ne5 Nxe5 23. Qxe7 Nc4 24. Bc3 Rb8 25. b3 Qa3 26. Qxa3 Nxa3 27. Bb4 Nc2 {1-0 (39) Ding,L (2799)-Nakamura,H (2736) Chess.com INT 2021}) 22. Ne5 $18 Nxe5 23. Qxe7 Nd7 24. Bxb4 {White is more active.} h6 25. Bd6 (25. Rc7 $18 {and White stays clearly on top.} Nf6 26. Ra7) 25... Nb6 {[#]} (25... Nf6 $16) 26. Bf4 $1 {Qc7 is the strong threat. A strong pair of Bishops.} Rd7 {Prevents Qc7.} 27. Qc5 Rb7 (27... Na4 $16 {keeps fighting.} 28. Qa3 Ra7) 28. Qc6 {And now Rc3 would win.} Qa7 $2 (28... Kh7 {was called for.} 29. Rc3 Na4) 29. Rc3 {aiming for Ra3.} Rd7 30. Rb3 {Weighted Error Value: White=0.05 (flawless) /Black=0.38} 1-0

[Event "VIII Iberoamericano Mexico 2022"]
[Site "Mexico City"]
[Date "2022.02.15"]
[Round "4.6"]
[White "Alonso Rosell, Alvar"]
[Black "Galaviz Medina, Sion Radamantys"]
[Result "1-0"]
[WhiteElo "2570"]
[BlackElo "2374"]
[Annotator "TA"]
[PlyCount "53"]
[EventDate "2022.02.12"]
[EventType "swiss"]
[EventCountry "MEX"]
[SourceTitle "playchess.com"]
[Source "ChessBase"]
[SourceQuality "1"]

{[%evp 13,53,16,20,25,14,16,30,29,39,42,65,63,63,54,153,109,110,100,96,95,144,132,149,153,297,136,214,220,250,241,306,310,332,313,319,224,222,229,529,520,1251,0]} 1. d4 d5 {[%cal Bd7d5,Bd5c4][%mdl 32]} 2. c4 e6 3. Nf3 {[%cal Bg1f3,Bf3e5,Be5c4,Bc4e3,Be3d5][%mdl 32]} Nf6 4. g3 dxc4 5. Bg2 a6 6. Ne5 c5 7. Be3 Nd5 8. O-O {E04: Open Catalan: 5 Nf3.} Nd7 9. Nxc4 Nxe3 10. Nxe3 {[#] White has an edge.} Be7 $146 ({Predecessor:} 10... cxd4 11. Qxd4 Qf6 12. Qxf6 Nxf6 13. Nc4 Bc5 14. Nc3 Rb8 15. Na4 Ba7 16. Nab6 Ke7 {0-1 (103) Kyas,M (2129)-Wegener,O (2429) Germany 2010}) 11. d5 exd5 12. Nxd5 O-O 13. Nbc3 {[%cal Bb1c3,Bc3e4,Be4g5][%mdl 32]} Ne5 ({Black should try} 13... Re8 $14) 14. Qa4 ({Better is} 14. Qc1) 14... Bd7 $16 15. Qf4 Ng6 16. Qe3 {White is much more active. Black has bad knights.} Bd6 (16... Rb8 $142) 17. Rfd1 Re8 18. Ne4 {[%cal Od5f6]} Re6 {Prevents Ndf6+.} (18... f5 $2 {[#]} 19. Qb3 $1 c4 20. Qxc4) (18... Bc6 $16 {keeps fighting.} 19. Qa3 Re6 20. Nxd6 Rxd6) 19. Qb3 (19. Qd2 $18 {has better winning chances.}) 19... Bb5 (19... Bc6 $16 20. Rac1 Rb8) 20. Ndc3 $18 {[#] Black must now prevent Bh3. Pair of Knights!} c4 21. Qc2 {Strongly threatening Bh3.} Qf8 22. Bh3 (22. Rxd6 $6 Rxd6 23. Nxd6 Qxd6 24. Bxb7 Rb8 $18) 22... f5 23. Ng5 ({Not} 23. Nxd6 Rxd6 24. Rxd6 (24. Qxf5 Rf6 $18) (24. Bxf5 Bc6 $18) 24... Qxd6 $18) 23... Re5 24. f4 Bc5+ 25. Kf1 Ree8 (25... h6 26. Nxb5 (26. fxe5 hxg5 27. Nxb5 axb5 $18) 26... axb5) 26. Bxf5 Ba7 (26... Nxf4 $142 27. gxf4 Kh8 28. Nxb5 axb5) 27. Ke1 $2 {[%mdl 32768] Weighted Error Value: White=0.18 (very precise) /Black=0.50. Sensor Board Error (Ke4/e5)?} (27. Bxg6 $18 Qc5 28. Bxh7+ Kf8 29. Kg2) 1-0

[Event "VIII Iberoamericano Mexico 2022"]
[Site "Mexico City"]
[Date "2022.02.15"]
[Round "4.8"]
[White "Almeida Quintana, Omar"]
[Black "Medina Diaz, Rafael Alejandro"]
[Result "1/2-1/2"]
[WhiteElo "2535"]
[BlackElo "2287"]
[Annotator "TA"]
[PlyCount "77"]
[EventDate "2022.02.12"]
[EventType "swiss"]
[EventCountry "MEX"]
[SourceTitle "playchess.com"]
[Source "ChessBase"]
[SourceQuality "1"]

{[%evp 22,77,-6,0,0,-16,16,-27,-23,-11,0,21,38,26,46,22,120,66,75,0,0,0,0,0,22,36,173,173,187,164,152,106,88,92,160,-31,-26,-31,-31,-43,-39,-74,-73,-73,-73,-74,-74,-74,-79,-80,-80,-80,-80,-80,-73,-74,-72,-72]} 1. d4 d5 2. Nf3 Nf6 3. c4 c6 4. Nc3 dxc4 5. a4 Bf5 6. e3 e6 7. Bxc4 Bb4 8. O-O Nbd7 9. Nh4 O-O 10. Nxf5 exf5 11. Qc2 g6 {11...Nb6 is not played anymore.} 12. f3 Rc8 {D18: Slav Defence: 5 a4 Bf5 6 e3.} 13. Rd1 Qe7 {[#]} 14. Kh1 $146 (14. e4 {might be stronger.}) ({Predecessor:} 14. e4 fxe4 15. Nxe4 Kg7 16. Bg5 h6 17. Bh4 Qd8 18. a5 Be7 19. Nc5 Nxc5 20. dxc5 Bxc5+ {½-½ (95) Sargissian,G (2677)-Vitiugov,N (2709) Plovdiv 2010}) 14... Nb6 $11 {Black has an edge.} 15. Bb3 c5 16. a5 cxd4 17. axb6 dxc3 18. bxa7 Bc5 (18... Ra8 $11 {remains equal.}) 19. e4 $1 $16 (19. bxc3 Ra8 $14) 19... fxe4 20. Bh6 (20. bxc3 e3 $11) (20. Bg5 $1 $16 e3 21. Bh4 (21. Qxc3 e2 $14) (21. bxc3 Ra8 $11)) 20... Rfe8 $11 21. Ba4 {This bishop pair is nice.} (21. Qxc3 Bxa7 $1 22. Qe1 Bb8 $15) 21... Red8 22. Rxd8+ $1 Qxd8 23. Bb3 {And now Bg5 would win.} ({Avoid the trap} 23. fxe4 $2 Ng4 24. Bd7 Nf2+ 25. Qxf2 Bxf2 $19) ({Of course not} 23. bxc3 Bxa7 24. Qe2 Qc7 25. fxe4 Qxc3 $17) 23... exf3 (23... Ra8 $14) 24. gxf3 $18 {Threatens to win with Rd1.} Ra8 25. Qxc3 Qd4 (25... Rxa7 $2 26. Rd1 Qe7 27. Re1 Qxe1+ 28. Qxe1 $18) 26. Rd1 {Chess con chili.} (26. Qxd4 $142 Bxd4 27. Ra4 (27. Bg5 h6 $14) 27... Bxa7 {[#]} 28. Be3 $1 {[%mdl 512]}) 26... Qxc3 $16 27. bxc3 b6 (27... Bxa7 $2 28. Ra1 $18) (27... Rc8 $142) 28. Ba4 $2 {White is more active.} (28. h4 $16) 28... Be7 $15 29. Rb1 Bd8 30. Rd1 {Hoping for Bc6.} Bc7 31. Bg5 Kg7 {Black is better.} 32. Bxf6+ Kxf6 $17 {[%mdl 4096] Endgame KRB-KRB} 33. Rd7 Rxa7 34. Bb3 Bb8 35. Rxa7 Bxa7 36. Kg2 Bb8 37. Bd5 h5 38. c4 Kg7 39. h3 {Weighted Error Value: White=0.24 (precise) /Black=0.25 (precise)} 1/2-1/2